21世纪空袭与反空袭 (Record no. 48602)

000 -LEADER
fixed length control field 00436nam a22001817a 4500
003 - CONTROL NUMBER IDENTIFIER
control field MPLRDC
005 - DATE AND TIME OF LATEST TRANSACTION
control field 20220104144331.0
008 - FIXED-LENGTH DATA ELEMENTS--GENERAL INFORMATION
fixed length control field 210129b ||||| |||| 00| 0 eng d
020 ## - INTERNATIONAL STANDARD BOOK NUMBER
International Standard Book Number 7-5065-4272-2
082 ## - DEWEY DECIMAL CLASSIFICATION NUMBER
Classification number 599.6 CZQ
100 ## - MAIN ENTRY--PERSONAL NAME
Personal name 崔长琦主编
245 ## - TITLE STATEMENT
Title 21世纪空袭与反空袭
Statement of responsibility, etc.
250 ## - EDITION STATEMENT
Edition statement 一版一刷
260 ## - PUBLICATION, DISTRIBUTION, ETC.
Place of publication, distribution, etc.
Name of publisher, distributor, etc. 解放军出版社
Date of publication, distribution, etc. 2002
300 ## - PHYSICAL DESCRIPTION
Other physical details
650 ## - SUBJECT ADDED ENTRY--TOPICAL TERM
Topical term or geographic name entry element 空防
942 ## - ADDED ENTRY ELEMENTS (KOHA)
Koha item type Book
-- 599.6 CZQ
Holdings
Withdrawn status Lost status Source of classification or shelving scheme Damaged status Not for loan Collection code Home library Current library Shelving location Date acquired Cost, normal purchase price Total Checkouts Total Renewals Full call number Barcode Date last seen Date last checked out Price effective from Koha item type Public note
            Malaysian Public Library, Research and Development Centre Malaysian Public Library, Research and Development Centre   10/12/2007 25.00   1 599.6 CZQ 00048768 18/03/2021 22/06/2012 18/03/2021 Book mplrdc

© 2022. Malaysian Public Library, Research and Development Centre. All Right ReservedE-mailmplrdc@help.edu.my 

Powered by Koha